Score 0/12 Timer 06:00
0 Plays Today
Description Title % Correct
A poem about the artist LeonardoThe DaVinci Ode
82.6%
Parasites invade a teaparty and a croquet matchLice's Adventures in Wonderland
75.8%
A foolish orphan looks for his familyOliver Twit
62.4%
Lucy acquires an annoying irritationThe Lion, the Itch and the Wardrobe
61.9%
A female cyclops finds love unexpectedlyJane Eye
59.1%
A boy carries equipment across AfghanistanThe Kit Runner
58.5%
A Jewish priest narrowly escapes deathThe Tale of Peter Rabbi
54.3%
A device to copy Allen or MinchinThe Tim Machine
49.4%
Advice on how to bribe medieval rulersThe Price
48.6%
Harry contends with a bucket of pine treesHarry Potter and the Goblet of Fir
42.5%
A medieval search to identify caviar The Name of the Roe
21.8%
A southern farmer wastes his time playing pokerGod's Little Ace
4.4%

You're not logged in!

Compare scores with friends on all Sporcle quizzes.
OR
Log In

Sporcle TV

Today on Sporcle TV


Watch our educational content, quiz creation guides, and fun videos on Sporcle TV.

Show Comments

Extras

Top Quizzes Today


Score Distribution

Paid Content

Your Account Isn't Verified!

In order to create a playlist on Sporcle, you need to verify the email address you used during registration. Go to your Sporcle Settings to finish the process.

Report this User

Report this user for behavior that violates our Community Guidelines.

Details: